Thực tập cơ nhiệt
সংরক্ষণ করুন:
| বিন্যাস: | গ্রন্থ |
|---|---|
| ভাষা: | Undetermined |
| প্রকাশিত: |
Sài Gòn
Đại học Khoa học
1966
|
| বিষয়গুলি: | |
| ট্যাগগুলো: |
ট্যাগ যুক্ত করুন
কোনো ট্যাগ নেই, প্রথমজন হিসাবে ট্যাগ করুন!
|
| Thư viện lưu trữ: | Trung tâm Học liệu Trường Đại học Cần Thơ |
|---|
| LEADER | 00424nam a2200157Ia 4500 | ||
|---|---|---|---|
| 001 | CTU_2625 | ||
| 008 | 210402s9999 xx 000 0 und d | ||
| 082 | |a 536.7 | ||
| 082 | |b Th552 | ||
| 245 | 0 | |a Thực tập cơ nhiệt | |
| 260 | |a Sài Gòn | ||
| 260 | |b Đại học Khoa học | ||
| 260 | |c 1966 | ||
| 650 | |a thermodynamics | ||
| 904 | |i Minh, 960828 | ||
| 980 | |a Trung tâm Học liệu Trường Đại học Cần Thơ | ||